| 000 | 03891nam a22004097a 4500 | ||
|---|---|---|---|
| 008 | 081120t xxu||||| |||| 00| 0 eng d | ||
| 010 | _aENG-93578 | ||
| 020 |
_a9788190659642 _c400.00 |
||
| 035 | _aEN-77111 | ||
| 035 | _aB-34144-056 | ||
| 037 | _bDBAD / PUB | ||
| 037 | _bPriyanka Prakashan | ||
| 040 |
_adpl _bEnglish |
||
| 082 | _a025.0202854 | ||
| 100 | _aRai, Pankaj Kumar | ||
| 245 |
_aLibrary and society in computer era / _cby Pankaj Kumar Rai |
||
| 260 |
_aDelhi _bPriyanka Prakashan _c2008 |
||
| 270 |
_aL-20/13 Gali No.5,Shivaji Marg ,Kartar Nagar _bDelhi _e110053 |
||
| 300 |
_aviii, 280p. _c22cm (Hb) |
||
| 500 | _aIncludes glossary, bibliographical references and index | ||
| 942 |
_2ddc _cEN _mRAI _h025.0202854 |
||
| 999 |
_c23786 _d23786 |
||